La piedad y la horca: historia de la miseria y de la caridad en Europa
Guardat en:
| Autor principal: | |
|---|---|
| Format: | Llibre |
| Idioma: | espanyol |
| Publicat: |
Madrid
Alianza
1998
|
| Col·lecció: | Historia y Geografía, Ensayo. El Libro Universitario, 065
|
| Matèries: | |
| Etiquetes: |
Afegir etiqueta
Sense etiquetes, Sigues el primer a etiquetar aquest registre!
|
MARC
| LEADER | 00000nam a2200000 a 4500 | ||
|---|---|---|---|
| 001 | UCN2104 | ||
| 003 | CL-VaPUC | ||
| 008 | 010511e19980000SP |||||||||||||||||spa|d | ||
| 082 | 0 | 4 | |a 305.569 |b GER |2 21 |
| 100 | |a Geremek, Bronislaw |e author |9 587488 | ||
| 245 | 1 | 3 | |a La piedad y la horca: historia de la miseria y de la caridad en Europa |
| 300 | |a 269 p | ||
| 942 | |c BK | ||
| 945 | |d 20010511 00:00:00 |a cmena | ||
| 260 | |a Madrid |b Alianza |c 1998 | ||
| 650 | 0 | |a Clases sociales |9 256858 | |
| 650 | 0 | |a Pobreza |9 258652 | |
| 650 | 0 | |a Problemas sociales |9 258537 | |
| 650 | 7 | |a CARIDAD |2 CL-VaPUC |9 307339 | |
| 583 | |a last modification |c 20010511 00:00:00 |k Rodrigo Vera | ||
| 490 | 0 | |a Historia y Geografía, Ensayo. El Libro Universitario, 065 | |
| 999 | |c 295261 |d 295259 | ||
| 952 | |0 0 |1 0 |4 0 |6 305_569000000000000_GER_1998 |7 0 |8 A |9 348234 |a BIBHIS |b BIBHIS |d 2019-11-20 |i 3709930 |o 305.569 GER 1998 |p 3709930 |r 2025-01-20 |w 2019-11-20 |y BK |k HIS | ||